[Event "IECG WC.2005.S.00012 email"]
[Site "IECG email"]
[Date "2003.05.19"]
[Round "?"]
[White "Krueger, Hilmar"]
[Black "Frost, Lionel B"]
[Result "1-0"]
[WhiteElo "2300"]
[BlackElo "2294"]
[PlyCount "75"]
[EventDate "2003.05.19"]
[EventType "tourn (corr)"]
[EventRounds "10"]
[SourceTitle "Corr 2008"]
[Source "ChessBase"]
[SourceDate "2008.06.24"]
[SourceVersion "1"]
[SourceVersionDate "2008.06.24"]
[SourceQuality "1"]

1. e4 c5 2. Nf3 d6 3. d4 cxd4 4. Nxd4 Nf6 5. Nc3 a6 6. f3 e5 7. Nb3 Be6 8. Be3 Nbd7 9. g4 h6 10. Qd2 b5 11. 0-0-0 Qc7 12. Kb1 Nb6 13. Qf2 Rb8 14. h4 b4 15. Bxb6 Qxb6 16. Qxb6 Rxb6 17. Na4 Rb8 18. Na5 Bd7 19. b3 Be7 20. Nb2 0-0 21. g5 Nh5 22. gxh6 g6 23. Nbc4 Ng3 24. Rg1 Nxf1 25. Rgxf1 Rb5 26. Nxd6 Bxd6 27. Rxd6 Bh3 28. Rh1 Bg2 29. Rg1 Bxf3 30. Rxa6 Bxe4 31. Nc4 Bf3 32. Rg5 Be2 33. Rf6 Bxc4 34. bxc4 Rbb8 35. Rxe5 Kh7 36. Re7 Kxh6 37. Rfxf7 Rxf7 38. Rxf7 1-0

[Event "IECG WC.2002.F.00001 email"]
[Site "IECG email"]
[Date "2002.12.15"]
[Round "?"]
[White "Frost, Lionel B"]
[Black "Elburg, John"]
[Result "1-0"]
[WhiteElo "2292"]
[BlackElo "2306"]
[PlyCount "124"]
[EventDate "2002.12.15"]
[EventType "tourn (corr)"]
[EventRounds "13"]
[SourceTitle "Corr 2008"]
[Source "ChessBase"]
[SourceDate "2008.06.24"]
[SourceVersion "1"]
[SourceVersionDate "2008.06.24"]
[SourceQuality "1"]

1. d4 f5 2. g3 Nf6 3. Bg2 g6 4. Nf3 Bg7 5. 0-0 0-0 6. b3 d6 7. Bb2 Qe8 8. c4 Na6 9. Qc2 Rb8 10. a3 b5 11. cxb5 Qxb5 12. b4 Ne4 13. Rc1 Be6 14. Nc3 Nxc3 15. Bxc3 c6 16. a4 Qc4 17. Qd2 Bf7 18. b5 cxb5 19. d5 Bxc3 20. Rxc3 Qb4 21. Nd4 Be8 22. axb5 Bxb5 23. Qe3 Nc5 24. Rxa7 Rf7 25. Ne6 Bxe2 26. h3 Qb6 27. Ra1 Qb2 28. Rac1 Ba6 29. Nxc5 dxc5 30. Rxc5 Rb3 31. Qh6 Qg7 32. Qf4 Rb2 33. Rc7 g5 34. Qe3 f4 35. Qa7 fxg3 36. Qxa6 Qd4 37. Kh1 Qxf2 38. Qf1 Rd2 39. Qxf2 gxf2 40. Rf1 Kg7 41. Rc3 Rf4 42. Re3 Kf6 43. Bf3 h5 44. Re6+ Kf5 45. Bxh5 Rxd5 46. Rxe7 Rd3 47. Kg2 Rd2 48. Re3 Ra2 49. Bg4+ Kf6 50. Bf3 Kg6 51. Rxf2 Rxf2+ 52. Kxf2 Kf6 53. Kg3 Rd4 54. Be4 Kg7 55. Kf3 Ra4 56. Rc3 Kf6 57. Rc6+ Kf7 58. Rc5 Ra3+ 59. Kg4 Ra1 60. Kxg5 Rg1+ 61. Kh6 Kf6 62. Rc4 Rg8 1-0

[Event "IECG WC.2002.F.00001 email"]
[Site "IECG email"]
[Date "2002.12.15"]
[Round "?"]
[White "Halwick, Floyd J Jr"]
[Black "Frost, Lionel B"]
[Result "1/2-1/2"]
[WhiteElo "2426"]
[BlackElo "2292"]
[PlyCount "68"]
[EventDate "2002.12.15"]
[EventType "tourn (corr)"]
[EventRounds "13"]
[SourceTitle "Corr 2008"]
[Source "ChessBase"]
[SourceDate "2008.06.24"]
[SourceVersion "1"]
[SourceVersionDate "2008.06.24"]
[SourceQuality "1"]

1. e4 c5 2. Nf3 d6 3. d4 cxd4 4. Nxd4 Nf6 5. Nc3 a6 6. Be3 e6 7. Qd2 b5 8. f3 Nbd7 9. g4 Nb6 10. Qf2 Nfd7 11. a4 bxa4 12. Nxa4 Nxa4 13. Rxa4 Bb7 14. Bg2 d5 15. exd5 Bxd5 16. 0-0 Qc8 17. Ra5 Bb7 18. Nb3 Be7 19. f4 0-0 20. g5 Bxg2 21. Qxg2 Bd8 22. Ra3 Rb8 23. Rfa1 a5 24. Bd4 Bb6 25. Bxb6 Nxb6 26. Rxa5 Nd5 27. Qd2 Rd8 28. Qf2 Qc7 29. Rc5 Qd6 30. Rc4 Rb4 31. Ra4 Rbb8 32. Re4 Qc6 33. Rac4 Qa6 34. Ra4 Qc6 1/2-1/2

[Event "IECG CT.2002.0.00001 email"]
[Site "IECG email"]
[Date "2002.11.12"]
[Round "?"]
[White "Frost, Lionel B"]
[Black "Paetzold, Ortwin"]
[Result "1/2-1/2"]
[WhiteElo "2292"]
[BlackElo "1842"]
[PlyCount "43"]
[EventDate "2002.11.12"]
[EventType "tourn (corr)"]
[EventRounds "6"]
[SourceTitle "Corr 2008"]
[Source "ChessBase"]
[SourceDate "2008.06.24"]
[SourceVersion "1"]
[SourceVersionDate "2008.06.24"]
[SourceQuality "1"]

1. Nf3 c5 2. e4 d6 3. d4 cxd4 4. Nxd4 Nf6 5. Nc3 a6 6. Be3 Nc6 7. Be2 e5 8. Nf3 Be7 9. Nd5 0-0 10. Nxf6+ Bxf6 11. 0-0 Bg4 12. c3 h6 13. Nxe5 Bxe2 14. Nxc6 bxc6 15. Qxe2 Qc7 16. Bd4 Bxd4 17. cxd4 Qb6 18. Rad1 Rab8 19. b3 a5 20. Rd3 f5 21. exf5 Rxf5 22. Qe6+ 1/2-1/2

[Event "IECG CP.1999.F.00001 email"]
[Site "IECG email"]
[Date "2002.10.03"]
[Round "?"]
[White "Siefring, Carl L"]
[Black "Frost, Lionel B"]
[Result "1/2-1/2"]
[WhiteElo "2413"]
[BlackElo "2293"]
[PlyCount "116"]
[EventDate "2002.10.01"]
[EventType "tourn (corr)"]
[EventRounds "8"]
[SourceTitle "Corr 2008"]
[Source "ChessBase"]
[SourceDate "2008.06.24"]
[SourceVersion "1"]
[SourceVersionDate "2008.06.24"]
[SourceQuality "1"]

1. c4 Nf6 2. Nc3 e5 3. g3 Bb4 4. Bg2 0-0 5. e4 Bxc3 6. bxc3 c6 7. d4 d6 8. Ne2 Re8 9. Qc2 b6 10. 0-0 Ba6 11. Rd1 Qe7 12. Ba3 Qe6 13. d5 Qc8 14. Bxd6 Bxc4 15. Rd2 cxd5 16. exd5 Nbd7 17. Rad1 b5 18. Nc1 Nb6 19. Ba3 e4 20. d6 Be6 21. Bf1 a6 22. Nb3 Bf5 23. Qc1 Bh3 24. Be2 Bg4 25. Bxg4 Qxg4 26. Rd4 Nbd7 27. Qf4 Qh5 28. Qh4 Qf3 29. Qf4 Qe2 30. R4d2 Qh5 31. Qh4 Qg6 32. Qf4 Re5 33. Bb2 Rf5 34. Qe3 Rf3 35. Qe2 Ng4 36. Rf1 Nge5 37. c4 Nxc4 38. Rd4 f5 39. Nd2 Nxd2 40. Qxd2 Re8 41. a4 bxa4 42. Qa5 Rb3 43. Qxa4 Qe6 44. Bc1 Ne5 45. Kg2 Rd8 46. Rfd1 Rb6 47. Ba3 Nd3 48. Ra1 Kh8 49. Qc4 Qe5 50. Qd5 Qf6 51. d7 h6 52. Rd1 Kh7 53. Bc5 Rb5 54. R4xd3 exd3 55. Rxd3 a5 56. Re3 Qg6 57. Re7 f4 58. h4 Rb2 1/2-1/2

[Event "IECG CP.1999.F.00001 email"]
[Site "IECG email"]
[Date "2002.10.01"]
[Round "?"]
[White "Frost, Lionel B"]
[Black "Alvebring, Martin"]
[Result "1/2-1/2"]
[WhiteElo "2293"]
[BlackElo "2242"]
[PlyCount "82"]
[EventDate "2002.10.01"]
[EventType "tourn (corr)"]
[EventRounds "8"]
[SourceTitle "Corr 2008"]
[Source "ChessBase"]
[SourceDate "2008.06.24"]
[SourceVersion "1"]
[SourceVersionDate "2008.06.24"]
[SourceQuality "1"]

1. d4 Nf6 2. c4 e6 3. Nf3 b6 4. a3 Bb7 5. Nc3 d5 6. cxd5 Nxd5 7. e3 Be7 8. Bb5+ c6 9. Bd3 0-0 10. e4 Nxc3 11. bxc3 c5 12. 0-0 Nd7 13. Qe2 Qc7 14. Rd1 Rfd8 15. Bg5 Bxg5 16. Nxg5 h6 17. Nf3 Qf4 18. a4 Nf6 19. Re1 Qc7 20. a5 bxa5 21. Qe3 Ng4 22. Qd2 Rac8 23. e5 Bxf3 24. gxf3 c4 25. fxg4 cxd3 26. Ra3 a4 27. Re3 Rb8 28. Qxd3 Qc6 29. Qd1 Rb2 30. Rxa4 Rdb8 31. Ra1 a5 32. Qd3 R8b3 33. Qe4 Qxe4 34. Rxe4 Rxc3 35. Kg2 Rcc2 36. Rf4 Rb5 37. Ra4 Rd5 38. Kf3 Rc3+ 39. Ke2 Rb5 40. h4 Kf8 41. g5 hxg5 1/2-1/2

[Event "IECG CP.1999.F.00001 email"]
[Site "IECG email"]
[Date "2002.10.01"]
[Round "?"]
[White "Schmezko, Stefan"]
[Black "Frost, Lionel B"]
[Result "1/2-1/2"]
[WhiteElo "2185"]
[BlackElo "2293"]
[PlyCount "73"]
[EventDate "2002.10.01"]
[EventType "tourn (corr)"]
[EventRounds "8"]
[SourceTitle "Corr 2008"]
[Source "ChessBase"]
[SourceDate "2008.06.24"]
[SourceVersion "1"]
[SourceVersionDate "2008.06.24"]
[SourceQuality "1"]

1. d4 d5 2. c4 c6 3. Nf3 Nf6 4. Nc3 e6 5. e3 Nbd7 6. Qc2 Bd6 7. g4 dxc4 8. Bxc4 e5 9. g5 Nd5 10. Bd2 exd4 11. Nxd5 cxd5 12. Bxd5 dxe3 13. Qe4+ Qe7 14. Qxe7+ Kxe7 15. Bxe3 Nb6 16. Be4 Re8 17. 0-0 Kf8 18. Nd2 Re7 19. Rac1 Bh3 20. Rfd1 Na4 21. Rc2 Rd8 22. Rdc1 b6 23. Bc6 Nc5 24. Nc4 Bc7 25. Rd2 Rxd2 26. Bxd2 Bd7 27. Bf3 Be6 28. b3 Rd7 29. Be3 Bh3 30. Bg2 Bxg2 31. Kxg2 Nd3 32. Rd1 Ke7 33. h4 f5 34. gxf6+ gxf6 35. Kf1 Nb4 36. Rxd7+ Kxd7 37. a4 1/2-1/2

[Event "IECG CP.1999.S.00001"]
[Site "IECG email"]
[Date "2001.10.01"]
[Round "?"]
[White "Brajnikov, Gennadii"]
[Black "Frost, Lionel B"]
[Result "1/2-1/2"]
[WhiteElo "1922"]
[BlackElo "2184"]
[PlyCount "44"]
[EventDate "2001.10.01"]
[EventType "tourn (corr)"]
[EventRounds "6"]
[SourceTitle "Corr 2008"]
[Source "ChessBase"]
[SourceDate "2008.06.24"]
[SourceVersion "1"]
[SourceVersionDate "2008.06.24"]
[SourceQuality "1"]

1. Nf3 Nf6 2. c4 g6 3. Nc3 Bg7 4. e4 d6 5. d4 0-0 6. Be2 c5 7. 0-0 cxd4 8. Nxd4 Nbd7 9. Be3 Nc5 10. f3 a5 11. Qd2 Bd7 12. Rfd1 a4 13. Ndb5 Qb6 14. Bd4 Rfc8 15. Rac1 Qa5 16. e5 dxe5 17. Bxe5 Bxb5 18. cxb5 Nfe4 19. Nxe4 Qxd2 20. Nxd2 Bxe5 21. Nc4 Bc7 22. Rd5 Bf4 1/2-1/2

[Event "IECG CP.1999.S.00001"]
[Site "IECG email"]
[Date "2001.10.01"]
[Round "?"]
[White "Frost, Lionel B"]
[Black "Weber, Karlheinz"]
[Result "1/2-1/2"]
[WhiteElo "2184"]
[BlackElo "2371"]
[PlyCount "122"]
[EventDate "2001.10.01"]
[EventType "tourn (corr)"]
[EventRounds "6"]
[SourceTitle "Corr 2008"]
[Source "ChessBase"]
[SourceDate "2008.06.24"]
[SourceVersion "1"]
[SourceVersionDate "2008.06.24"]
[SourceQuality "1"]

1. d4 d5 2. c4 c6 3. Nc3 Nf6 4. e3 e6 5. Nf3 Nbd7 6. Bd3 dxc4 7. Bxc4 b5 8. Bd3 Bb7 9. 0-0 a6 10. e4 c5 11. d5 Qc7 12. dxe6 fxe6 13. Ng5 Qc6 14. Qe2 c4 15. Bc2 Bc5 16. Be3 0-0 17. Rfd1 Rad8 18. Rab1 Bxe3 19. Qxe3 h6 20. Nf3 Qb6 21. Qxb6 Nxb6 22. a3 Nbd7 23. Nd4 Nc5 24. f3 e5 25. Nf5 Ne6 26. b3 Nd4 27. Rdc1 Bc8 28. bxc4 Bxf5 29. exf5 bxc4 30. Rb4 Rc8 31. Be4 g6 32. Bb7 a5 33. Rb6 Rb8 34. Rcb1 Kg7 35. fxg6 Nd7 36. R6b2 Nc5 37. h4 h5 38. Bd5 Rb3 39. Rxb3 cxb3 40. Ne4 Nxe4 41. Bxe4 Ne2+ 42. Kh2 Rf4 43. g3 Rxe4 44. fxe4 a4 45. Rd1 Nc3 46. Rd7+ Kxg6 47. Rd6+ Kf7 48. Rd7+ Ke6 49. Rb7 Nxe4 50. g4 hxg4 51. h5 Nc5 52. Rb6+ Kf7 53. Kg3 e4 54. Kxg4 Kg8 55. h6 Nd3 56. Re6 b2 57. Rb6 Ne5+ 58. Kg5 Nc4 59. Rb8+ Kh7 60. Rb7+ Kh8 61. Rb8+ Kh7 1/2-1/2

[Event "IECG CP.1999.S.00001"]
[Site "IECG email"]
[Date "2001.10.01"]
[Round "?"]
[White "Gilles, Robert P"]
[Black "Frost, Lionel B"]
[Result "1/2-1/2"]
[WhiteElo "2101"]
[BlackElo "2184"]
[PlyCount "59"]
[EventDate "2001.10.01"]
[EventType "tourn (corr)"]
[EventRounds "6"]
[SourceTitle "Corr 2008"]
[Source "ChessBase"]
[SourceDate "2008.06.24"]
[SourceVersion "1"]
[SourceVersionDate "2008.06.24"]
[SourceQuality "1"]

1. d4 Nf6 2. c4 e6 3. Nf3 b6 4. g3 Ba6 5. b3 d5 6. Bg2 Bb4+ 7. Bd2 Bd6 8. Nc3 c6 9. 0-0 0-0 10. e4 Nxe4 11. Nxe4 dxe4 12. Ng5 Be7 13. Nxe4 Qxd4 14. Qh5 Qd8 15. Rad1 Qe8 16. Bb4 Bb7 17. Nd6 Bxd6 18. Bxd6 f5 19. Qe2 Rf7 20. Rfe1 Na6 21. Bf4 Rd7 22. Rxd7 Qxd7 23. Qxe6+ Qxe6 24. Rxe6 Rd8 25. Re7 Rd1+ 26. Bf1 Nc5 27. f3 Rd7 28. Rxd7 Nxd7 29. h4 Kf7 30. Bg2 1/2-1/2

[Event "IECG WC.2002.T.00005 email"]
[Site "IECG email"]
[Date "2001.06.15"]
[Round "?"]
[White "Weiss, Albert"]
[Black "Frost, Lionel B"]
[Result "1/2-1/2"]
[WhiteElo "2328"]
[BlackElo "2180"]
[PlyCount "58"]
[EventDate "2001.06.15"]
[EventType "tourn (corr)"]
[EventRounds "10"]
[SourceTitle "Corr 2008"]
[Source "ChessBase"]
[SourceDate "2008.06.24"]
[SourceVersion "1"]
[SourceVersionDate "2008.06.24"]
[SourceQuality "1"]

1. d4 Nf6 2. c4 e6 3. Nf3 b6 4. e3 d5 5. Nc3 Bb7 6. cxd5 exd5 7. Bd3 Bd6 8. 0-0 0-0 9. Nb5 Ba6 10. Nxd6 Qxd6 11. Bxa6 Nxa6 12. Qa4 Nb8 13. b4 c6 14. Ba3 Nbd7 15. Rfc1 Rfc8 16. Rc2 b5 17. Qb3 Nb6 18. Bb2 Nc4 19. Bc3 Ne4 20. Be1 Re8 21. Rac1 Rac8 22. a3 a6 23. a4 f6 24. axb5 axb5 25. Ra1 Ra8 26. Rca2 Rxa2 27. Qxa2 Qc7 28. Qa7 Qc8 29. Ra2 Ned6 1/2-1/2

[Event "IECG WC.2004.P.00003 email"]
[Site "IECG email"]
[Date "2001.01.22"]
[Round "?"]
[White "Frost, Lionel B"]
[Black "Newton, Hobart E"]
[Result "1-0"]
[WhiteElo "2180"]
[BlackElo "1947"]
[PlyCount "77"]
[EventDate "2001.01.22"]
[EventType "tourn (corr)"]
[EventRounds "8"]
[SourceTitle "Corr 2008"]
[Source "ChessBase"]
[SourceDate "2008.06.24"]
[SourceVersion "1"]
[SourceVersionDate "2008.06.24"]
[SourceQuality "1"]

1. d4 d5 2. c4 e6 3. Nc3 Bb4 4. a3 Bxc3+ 5. bxc3 Nf6 6. e3 0-0 7. Bd3 b6 8. cxd5 exd5 9. Ne2 Ba6 10. Bxa6 Nxa6 11. Qd3 Qc8 12. c4 c5 13. cxd5 cxd4 14. Nxd4 Rd8 15. 0-0 Nc5 16. Qe2 Rxd5 17. Bb2 Qd7 18. Rac1 Ng4 19. Rfd1 Re8 20. h3 Nf6 21. f3 Na4 22. Ba1 Qe7 23. e4 Qxa3 24. exd5 Rxe2 25. Nxe2 Nd7 26. Rc8+ Nf8 27. d6 Nc5 28. d7 Ncxd7 29. Rxd7 Qxa1+ 30. Kf2 h5 31. Rdd8 Qa3 32. Nc3 a5 33. g4 hxg4 34. hxg4 g6 35. g5 Kg7 36. Rxf8 Qxf8 37. Rxf8 Kxf8 38. Ke3 Ke7 39. Nd5+ 1-0

[Event "IECG WC.2004.P.00003 email"]
[Site "IECG email"]
[Date "2001.01.22"]
[Round "?"]
[White "Newman, Nelson"]
[Black "Frost, Lionel B"]
[Result "0-1"]
[WhiteElo "2048"]
[BlackElo "2180"]
[PlyCount "70"]
[EventDate "2001.01.22"]
[EventType "tourn (corr)"]
[EventRounds "8"]
[SourceTitle "Corr 2008"]
[Source "ChessBase"]
[SourceDate "2008.06.24"]
[SourceVersion "1"]
[SourceVersionDate "2008.06.24"]
[SourceQuality "1"]

1. c4 e5 2. g3 Nf6 3. Bg2 d5 4. cxd5 Nxd5 5. Nc3 Nb6 6. Nf3 Nc6 7. 0-0 Be7 8. a3 0-0 9. b4 Be6 10. d3 a5 11. b5 Nd4 12. Nd2 c6 13. bxc6 Nxc6 14. Rb1 Rc8 15. Nde4 Re8 16. f4 exf4 17. Rxf4 f5 18. Be3 Nd7 19. Bh3 g6 20. Rxb7 Bxa3 21. Nb5 fxe4 22. Bxe6+ Rxe6 23. Nxa3 Nf6 24. Qb3 Nd4 25. Bxd4 Qxd4+ 26. Kg2 Nd5 27. Rff7 Rc5 28. Rg7+ Qxg7 29. Rxg7+ Kxg7 30. d4 Rb6 31. Qa4 Ne3+ 32. Kf2 Ng4+ 33. Ke1 Rc7 34. Qxa5 e3 35. Kf1 Rf6+ 0-1

[Event "IECG CP.1999.Q.00006"]
[Site "IECG email"]
[Date "2000.10.01"]
[Round "?"]
[White "Buese, Ralf"]
[Black "Frost, Lionel B"]
[Result "1/2-1/2"]
[WhiteElo "2075"]
[BlackElo "2184"]
[PlyCount "35"]
[EventDate "2000.10.01"]
[EventType "tourn (corr)"]
[EventRounds "8"]
[EventCountry "NZL"]
[SourceTitle "Corr 2008"]
[Source "ChessBase"]
[SourceDate "2008.06.24"]
[SourceVersion "1"]
[SourceVersionDate "2008.06.24"]
[SourceQuality "1"]

1. Nf3 Nf6 2. g3 d5 3. Bg2 c6 4. 0-0 Bg4 5. d3 Nbd7 6. Nbd2 e5 7. h3 Be6 8. Ng5 Bc5 9. c3 0-0 10. e4 a5 11. a4 Qe7 12. Qe2 Rfe8 13. Rb1 Rad8 14. Nxe6 Qxe6 15. b4 axb4 16. cxb4 Bd6 17. a5 Ra8 18. Nf3 1/2-1/2

[Event "IECG CP.1999.Q.00006"]
[Site "IECG email"]
[Date "2000.10.01"]
[Round "?"]
[White "Frost, Lionel B"]
[Black "Vatiutov, Victor"]
[Result "1/2-1/2"]
[WhiteElo "2184"]
[BlackElo "1400"]
[PlyCount "65"]
[EventDate "2000.10.01"]
[EventType "tourn (corr)"]
[EventRounds "8"]
[EventCountry "NZL"]
[SourceTitle "Corr 2008"]
[Source "ChessBase"]
[SourceDate "2008.06.24"]
[SourceVersion "1"]
[SourceVersionDate "2008.06.24"]
[SourceQuality "1"]

1. d4 Nf6 2. c4 e6 3. Nc3 Bb4 4. e3 c5 5. Bd3 Nc6 6. Nf3 Bxc3+ 7. bxc3 d6 8. 0-0 e5 9. d5 Ne7 10. e4 Ng6 11. Rb1 0-0 12. Bc2 a6 13. Re1 Rb8 14. Rb3 Bd7 15. Bg5 h6 16. Be3 b5 17. Qe2 Nh5 18. Reb1 Nhf4 19. Qd1 Qf6 20. Ne1 Ra8 21. a4 bxa4 22. Rb6 Rfc8 23. g3 Nh3+ 24. Kg2 Nh4+ 25. gxh4 Qg6+ 26. Kf1 Qg1+ 27. Ke2 Bg4+ 28. f3 Qxh2+ 29. Kf1 Nf4 30. fxg4 Qh3+ 31. Kf2 Qxh4+ 32. Kf1 Qh3+ 33. Kf2 1/2-1/2

[Event "IECG WC.2002.S.00006 email"]
[Site "IECG email"]
[Date "2000.??.??"]
[Round "?"]
[White "Frost, Lionel B"]
[Black "Mrugala, Arthur"]
[Result "1-0"]
[WhiteElo "2176"]
[BlackElo "2398"]
[PlyCount "87"]
[EventDate "2000.03.10"]
[EventType "tourn (corr)"]
[EventRounds "8"]
[SourceTitle "Corr 2008"]
[Source "ChessBase"]
[SourceDate "2008.06.24"]
[SourceVersion "1"]
[SourceVersionDate "2008.06.24"]
[SourceQuality "1"]

1. d4 Nf6 2. c4 g6 3. Nc3 Bg7 4. e4 d6 5. Nf3 0-0 6. Be2 e5 7. Be3 Ng4 8. Bg5 f6 9. Bh4 exd4 10. Nxd4 Ne5 11. 0-0 g5 12. Bg3 Nbc6 13. Nf5 Bxf5 14. exf5 Ne7 15. f4 gxf4 16. Rxf4 Bh6 17. Rf1 Qd7 18. Nd5 Kh8 19. Nxe7 Be3+ 20. Kh1 Qxe7 21. Qb3 Bb6 22. Bf4 c6 23. Rae1 Rad8 24. a3 d5 25. cxd5 cxd5 26. Bf3 d4 27. Qe6 Rfe8 28. Bxe5 fxe5 29. Qxe7 Rxe7 30. f6 Re6 31. Bg4 Rc6 32. Rxe5 Rf8 33. Ref5 d3 34. g3 d2 35. f7 Kg7 36. Kg2 Bd4 37. b4 Bb2 38. a4 Rc4 39. Rg5+ Kh6 40. Rg8 Bg7 41. h3 Rc2 42. Bd1 Rc7 43. Rxf8 Bxf8 44. Rf2 1-0

[Event "IECG WC.2002.S.00006 email"]
[Site "IECG email"]
[Date "2000.??.??"]
[Round "?"]
[White "Frost, Lionel B"]
[Black "Noire, Eric"]
[Result "1-0"]
[WhiteElo "2176"]
[BlackElo "2151"]
[PlyCount "53"]
[EventDate "2000.03.10"]
[EventType "tourn (corr)"]
[EventRounds "8"]
[SourceTitle "Corr 2008"]
[Source "ChessBase"]
[SourceDate "2008.06.24"]
[SourceVersion "1"]
[SourceVersionDate "2008.06.24"]
[SourceQuality "1"]

1. d4 Nf6 2. c4 g6 3. Nc3 d5 4. cxd5 Nxd5 5. e4 Nxc3 6. bxc3 Bg7 7. Nf3 0-0 8. Be2 c5 9. Rb1 cxd4 10. cxd4 Qa5+ 11. Bd2 Qxa2 12. 0-0 Qe6 13. Qc2 a6 14. d5 Qd7 15. Qa2 Qe8 16. Rfc1 Nd7 17. Bb5 Rb8 18. Bf4 axb5 19. Qa7 f5 20. Bxb8 fxe4 21. Ng5 Nf6 22. Be5 Bh6 23. h4 Bf5 24. Qxb7 e3 25. Rb2 exf2+ 26. Rxf2 Ng4 27. Re2 1-0

[Event "IECG WC.2002.S.00006 email"]
[Site "IECG email"]
[Date "2000.??.??"]
[Round "?"]
[White "Itter, Erik"]
[Black "Frost, Lionel B"]
[Result "0-1"]
[WhiteElo "1489"]
[BlackElo "2176"]
[PlyCount "70"]
[EventDate "2000.03.10"]
[EventType "tourn (corr)"]
[EventRounds "8"]
[SourceTitle "Corr 2008"]
[Source "ChessBase"]
[SourceDate "2008.06.24"]
[SourceVersion "1"]
[SourceVersionDate "2008.06.24"]
[SourceQuality "1"]

1. d4 Nf6 2. c4 g6 3. Nc3 d5 4. cxd5 Nxd5 5. e4 Nxc3 6. bxc3 Bg7 7. Nf3 c5 8. Rb1 0-0 9. Be2 cxd4 10. cxd4 Qa5+ 11. Bd2 Qxa2 12. 0-0 Qe6 13. Qc2 Qc6 14. Qd3 Qd6 15. Bb4 Qd8 16. Qa3 Nc6 17. Bc5 Re8 18. Bb5 Bd7 19. Bxc6 bxc6 20. Rb7 a5 21. Rd1 Qc8 22. Rdb1 a4 23. Bxe7 c5 24. Bxc5 Rxe4 25. Bd6 Re8 26. Rc7 Qd8 27. Rbc1 Be6 28. Ne5 Qg5 29. Qf3 f6 30. Nd3 Rad8 31. Qb7 Bf8 32. h4 Qg4 33. Rxh7 Bd7 34. Bxf8 Kxh7 35. Bc5 Kg8 0-1

[Event "IECG CP.1998.Q.00012"]
[Site "IECG email"]
[Date "1999.??.??"]
[Round "?"]
[White "Escera, Carlos"]
[Black "Frost, Lionel B"]
[Result "0-1"]
[WhiteElo "1845"]
[BlackElo "2176"]
[PlyCount "52"]
[EventDate "1999.10.01"]
[EventType "tourn (corr)"]
[EventRounds "8"]
[EventCountry "SUI"]
[SourceTitle "Corr 2008"]
[Source "ChessBase"]
[SourceDate "2008.06.24"]
[SourceVersion "1"]
[SourceVersionDate "2008.06.24"]
[SourceQuality "1"]

1. e4 c5 2. Nf3 e6 3. Nc3 Nc6 4. d4 cxd4 5. Nxd4 Nf6 6. Ndb5 d6 7. Bc4 a6 8. Nd4 Be7 9. 0-0 0-0 10. Be3 Nxd4 11. Bxd4 b5 12. Bd3 b4 13. Ne2 e5 14. Be3 d5 15. exd5 Qxd5 16. c4 Qc6 17. Qc2 Bb7 18. f3 Ng4 19. Bf2 Nxf2 20. Kxf2 f5 21. Bxf5 e4 22. Ng3 Qc5+ 23. Ke1 Rxf5 24. Nxf5 Qxf5 25. f4 Qc5 26. Rd1 e3 0-1